| 000 | 00535cam a22001457a 4500 | ||
|---|---|---|---|
| 008 | 180718b1976 xxu||||| |||| 00| 0 eng d | ||
| 082 | _aI513x43 In8 | ||
| 100 | _aScharpf, Fritz W. | ||
| 245 |
_aDoes organization matter? task structure and interaction in the ministerial bureaucracy _cby Fritz W. Scharpf |
||
| 260 |
_aBerlin _bInternational Institute of Management _c1976 |
||
| 300 | _a34p. | ||
| 440 | _aIIM Reprint Series | ||
| 650 | _aAdministrative Reorganisation Germany (West) | ||
| 700 | _aInternational Institute of Management | ||
| 999 |
_c499777 _d499777 |
||